HANDBOOK OF PRODUCT DESIGN FOR MANUFACTURING ,A PRACTICAL GUIDE TO LOW-COST PRODUCTION (Record no. 571031)
[ view plain ]
| 000 -LEADER | |
|---|---|
| fixed length control field | 00348nam a22001217a 4500 |
| 020 ## - INTERNATIONAL STANDARD BOOK NUMBER | |
| International Standard Book Number | 0-07-100403-3 |
| 082 ## - DEWEY DECIMAL CLASSIFICATION NUMBER | |
| Classification number | 671 HAN'B |
| 100 ## - MAIN ENTRY--PERSONAL NAME | |
| Personal name | BRALLA, JAMES G |
| 9 (RLIN) | 61646 |
| 245 ## - TITLE STATEMENT | |
| Title | HANDBOOK OF PRODUCT DESIGN FOR MANUFACTURING ,A PRACTICAL GUIDE TO LOW-COST PRODUCTION |
| 260 ## - PUBLICATION, DISTRIBUTION, ETC. | |
| Place of publication, distribution, etc. | NEWYORK |
| Name of publisher, distributor, etc. | MCGRAW HILL |
| Date of publication, distribution, etc. | 1988 |
| 300 ## - PHYSICAL DESCRIPTION | |
| Extent | XIII, 8-105P |
| 942 ## - ADDED ENTRY ELEMENTS (KOHA) | |
| Koha item type | Book |
| Withdrawn status | Lost status | Damaged status | Not for loan | Permanent Location | Current Location | Shelving location | Date acquired | Total Checkouts | Full call number | Barcode | Date last seen | Price effective from | Koha item type |
|---|---|---|---|---|---|---|---|---|---|---|---|---|---|
| College of Electrical & Mechanical Engineering (CEME) | College of Electrical & Mechanical Engineering (CEME) | Reference | 07/20/2017 | 671 HAN'B | CEME-25466 | 06/28/2021 | 06/28/2021 | Book |
